| 000 | 00993nmc a2200349 a 4500 | ||
|---|---|---|---|
| 003 | AR-BaBNM | ||
| 005 | 20251128204356.0 | ||
| 008 | 155019s1993 ||||||||||||||000 | spa|| | ||
| 020 | _a950-07-0628-8 | ||
| 040 | _cAR-BaBNM | ||
| 100 | 1 | _aMujica Láinez, Manuel | |
| 245 | 1 | 0 | _aEl hombrecito del azulejo |
| 250 | _a3ª ed. | ||
| 260 |
_aBuenos Aires _bSudamericana _c1993 |
||
| 300 | 0 |
_a51 p. _bil. |
|
| 490 | 0 |
_aPan flauta _vv. 12 |
|
| 500 | 0 | _aContiene datos biográficos del autor y carta del ilustrador a los lectores | |
| 500 | 0 | _aLista de las obras correspondientes a la misma colección | |
| 650 | 4 | _aCUENTO INFANTIL | |
| 650 | 4 | _aLITERATURA INFANTIL | |
| 650 | 4 | _aCULTURA | |
| 650 | 4 | _aHUMANIDADES | |
| 650 | 4 | _aLITERATURA DE FICCION | |
| 651 | 4 | _aBuenos Aires [Provincia] | |
| 651 | 4 | _aArgentina | |
| 653 | 0 | _aLITERATURA FANTASTICA | |
| 655 | _aLITERATURA | ||
| 700 | 1 |
_aRavassi, Alejandro _eilustrador |
|
| 800 | 0 | _aCanela | |
| 942 | _cBK | ||
| 998 | _cisola | ||
| 999 |
_c7209 _d7209 |
||